| 000 | 01004nam a2200301Ia 4500 | ||
|---|---|---|---|
| 001 | Z_5443 | ||
| 003 | CHAP | ||
| 008 | 220113s2006 xx 000 0 und d | ||
| 010 | _a168520 | ||
| 040 | _cCHAP | ||
| 090 | _aTesis A 1959 | ||
| 100 |
_aAguilar Ortega, Ambrocio César _92793 |
||
| 245 |
_aCrioconservación de semen de gallo doméstico (Gallus gallus domesticus) en tres extensores y dos técnicas de congelamiento : manual y automática / _cAmbrocio César Aguilar Ortega y Librado Pérez Juárez |
||
| 260 |
_aChapingo, Méx. : _bEl autor, _c2006 |
||
| 300 | _a45 h. | ||
| 502 | _aTesis (Ing. Agrónomo Esp. en Zootecnia) -- UACH. Departamento de Zootecnia | ||
| 650 |
_aAnimales domésticos _95889 |
||
| 650 |
_aAves de corral _98636 |
||
| 650 |
_aSemen _xCongelación _9103857 |
||
| 650 |
_aSemen _xConservación _9103858 |
||
| 700 |
_aPérez Juárez, Librado _989768 |
||
| 901 | _aTESIS A 1959 | ||
| 902 | _aM | ||
| 910 | _a2006 | ||
| 942 | _c2 | ||
| 942 | _c2 | ||
| 999 |
_c168520 _d168520 |
||